Sports Quiz

Random Sports or NHL Quiz

Canucks players for 2011 Quiz Stats

Quiz not verified by Sporcle

Challenge
Share
Tweet
Embed
Score 0/42 Timer 07:00
0 Plays Today
all players 2010-2011 % Correct
Roberto Luongo
100%
Daniel Sedin
95.1%
Henrik Sedin
95.1%
Ryan Kesler
92.7%
Alex Burrows
90.2%
Cory Schneider
87.8%
Kevin Bieksa
87.8%
Sami Salo
87.8%
Aaron Rome
82.9%
Dan Hamhuis
80.5%
Mason Raymond
78%
Manny Malhotra
78%
Alexander Edler
78%
Maxim Lapierre
75.6%
Raffi Torres
73.2%
Christopher Higgins
73.2%
Jannik Hansen
73.2%
Andrew Alberts
73.2%
Keith Ballard
73.2%
Victor Oreskovich
63.4%
Cody Hodgson
61%
all players 2010-2011 % Correct
Christopher Tanev
61%
Tanner Glass
58.5%
Christian Ehrhoff
53.7%
Rick Rypien
48.8%
Alexandre Bolduc
46.3%
Jeff Tambellini
46.3%
Lee Sweatt
43.9%
Mikael Samuelson
41.5%
Aaron Volpatti
39%
Sergei Shirokov
34.1%
Yann Sauve
34.1%
Ryan Parent
34.1%
Peter Schaefer
29.3%
Evan Oberg
24.4%
Guillaume Desbiens
24.4%
Mario Bliznak
19.5%
Important PersonFin
17.1%
Joel Perrault
12.2%
Jonas Andersson
12.2%
Important PersonMike Gillis
12.2%
Important PersonAlain Vigneault
12.2%

You're not logged in!

Compare scores with friends on all Sporcle quizzes.
Join for Free
OR
Log In

You Might Also Like...

Show Comments

Extras

Created Jun 9, 2011ReportNominate
Tags:NHL Quiz

Top Quizzes Today


Score Distribution

Your Account Isn't Verified!

In order to create a playlist on Sporcle, you need to verify the email address you used during registration. Go to your Sporcle Settings to finish the process.

Report this User

Report this user for behavior that violates our Community Guidelines.

Details: